Introduction to Algorithms (Record no. 23152)

000 -LEADER
fixed length control field 00312nam a22001337a 4500
008 - FIXED-LENGTH DATA ELEMENTS--GENERAL INFORMATION
fixed length control field 150521b xxu||||| |||| 00| 0 eng d
020 ## - INTERNATIONAL STANDARD BOOK NUMBER
International Standard Book Number 8178084627
082 ## - DEWEY DECIMAL CLASSIFICATION NUMBER
Classification number 005.1
100 ## - MAIN ENTRY--PERSONAL NAME
Personal name Cormen,Thomas H
245 ## - TITLE STATEMENT
Title Introduction to Algorithms
250 ## - EDITION STATEMENT
Edition statement 2nd Ed.
260 ## - PUBLICATION, DISTRIBUTION, ETC.
Place of publication, distribution, etc. INDIA
Name of publisher, distributor, etc. Prentice-Hall
Date of publication, distribution, etc. 2003
942 ## - ADDED ENTRY ELEMENTS (KOHA)
Koha item type Book
Holdings
Withdrawn status Lost status Damaged status Not for loan Permanent Location Current Location Shelving location Date acquired Source of acquisition Cost, normal purchase price Total Checkouts Total Renewals Full call number Barcode Date last seen Date last checked out Price effective from Koha item type
        NUST Baluchistan Campus (NBC) NUST Baluchistan Campus (NBC) General Stacks 03/01/2013 Purchase 462.00 1 2 005COR RCMS000018 11/07/2018 09/13/2017 01/05/2017 Book
© 2023 Central Library, National University of Sciences and Technology. All Rights Reserved.